[Event "AZE-ch Blitz (Women)"]
[Site "Baku"]
[Date "2022.12.05"]
[Round "1"]
[White "Rzali, Sabina"]
[Black "Mammadova, Gulnar Marfat Qizi"]
[Result "0-1"]
[WhiteElo "2063"]
[BlackElo "2376"]
[PlyCount "56"]
[EventDate "2022.12.05"]
[EventType "swiss (blitz)"]
[EventRounds "7"]
[EventCountry "AZE"]
[SourceTitle "CBM 211 Extra"]
[Source "ChessBase"]
[SourceDate "2023.01.31"]
[SourceVersion "1"]
[SourceVersionDate "2023.01.31"]
[SourceQuality "1"]

1. e4 e6 2. d3 d5 3. Nd2 c5 4. Ngf3 Nc6 5. g3 g6 6. Bg2 Bg7 7. 0-0 Nge7 8. Re1 b6 9. Nh4 Bb7 10. f4 dxe4 11. Nxe4 0-0 12. Rb1 Qc7 13. Bd2 Nd4 14. Kh1 Rad8 15. Nf3 Nef5 16. Bc3 b5 17. Qc1 b4 18. Bd2 Nxf3 19. Bxf3 a5 20. a3 Kh8 21. Bg2 Nd4 22. Be3 f5 23. Nd2 Bxg2+ 24. Kxg2 Qc6+ 25. Kg1 e5 26. Rf1 Ne2+ 27. Kf2 Nxc1 28. Rbxc1 e4 0-1

[Event "AZE-ch Rapid (Women)"]
[Site "Baku"]
[Date "2022.12.02"]
[Round "4"]
[White "Rzali, Sabina"]
[Black "Ismayil, Malak"]
[Result "0-1"]
[WhiteElo "2063"]
[BlackElo "2002"]
[PlyCount "96"]
[EventDate "2022.12.02"]
[EventType "swiss (rapid)"]
[EventRounds "7"]
[EventCountry "AZE"]
[SourceTitle "CBM 211 Extra"]
[Source "ChessBase"]
[SourceDate "2023.01.31"]
[SourceVersion "1"]
[SourceVersionDate "2023.01.31"]
[SourceQuality "1"]

1. e4 e5 2. Nf3 Nc6 3. Bb5 a6 4. Ba4 Nf6 5. 0-0 d6 6. Re1 g6 7. c3 Bg7 8. h3 0-0 9. d4 b5 10. Bb3 Qe7 11. Nbd2 Bb7 12. a3 Kh8 13. Bc2 Nh5 14. Nf1 Na5 15. Bg5 Qe8 16. Bd3 c5 17. d5 Bc8 18. Bd2 f5 19. Ng3 Nxg3 20. fxg3 c4 21. Bc2 Nb3 22. Rb1 Nc5 23. Be3 Nd3 24. Rf1 f4 25. Bxd3 fxe3 26. Bc2 Bh6 27. Qe2 Bd7 28. Nh2 Qe7 29. Rxf8+ Rxf8 30. Rf1 Qg5 31. Rxf8+ Bxf8 32. Nf1 Bh6 33. Bd1 Qd8 34. Qf3 Qb6 35. Be2 Kg7 36. g4 Bg5 37. g3 a5 38. h4 Bd8 39. Qxe3 Qa6 40. Kg2 Qc8 41. Qf3 b4 42. axb4 axb4 43. Nd2 bxc3 44. Qxc3 Bxg4 45. Bxc4 Bb6 46. Bd3 Qf8 47. Nf1 Qf2+ 48. Kh1 Qg1# 0-1

[Event "EU-ch Schools U17 Girls"]
[Site "Tornelo INT"]
[Date "2021.12.10"]
[Round "3"]
[White "Tsotsonava, Elene"]
[Black "Rzali, Sabina"]
[Result "1-0"]
[WhiteElo "1957"]
[BlackElo "1935"]
[PlyCount "91"]
[EventDate "2021.12.10"]
[EventType "swiss (rapid)"]
[EventRounds "7"]
[EventCountry "NET"]
[SourceTitle "EXT 2023"]
[Source "ChessBase"]
[SourceDate "2022.10.05"]
[SourceVersion "1"]
[SourceVersionDate "2022.10.05"]
[SourceQuality "1"]

1. e4 e6 2. d4 d5 3. Nd2 dxe4 4. Nxe4 Nd7 5. Nf3 Ngf6 6. Nxf6+ Nxf6 7. Bg5 Be7 8. Bd3 c5 9. Qe2 cxd4 10. 0-0-0 Bd7 11. Nxd4 Nd5 12. Bd2 Qb6 13. Nb3 Bb4 14. Kb1 Bxd2 15. Qxd2 0-0-0 16. Rhe1 Bc6 17. Qg5 g6 18. Be4 Qxf2 19. Rf1 Nc3+ 20. bxc3 Rxd1+ 21. Rxd1 Bxe4 22. Rd2 Qf1+ 23. Kb2 Bd5 24. Qe7 Rd8 25. Qc5+ Bc6 26. Rf2 Qg1 27. Na5 Rd5 28. Qf8+ Rd8 29. Qxf7 Qe1 30. Nxc6 bxc6 31. Qf3 Kc7 32. Qg3+ Kb6 33. Qf4 Rd7 34. Qb4+ Ka6 35. Qa4+ Kb6 36. Rf4 Rd5 37. Rb4+ Rb5 38. Rxb5+ cxb5 39. Qd4+ Kb7 40. Qd7+ Kb6 41. Qxh7 Qe4 42. Qd7 a5 43. Qd6+ Kb7 44. Qc5 Qd5 45. Qe7+ Kb6 46. Qe8 1-0

[Event "Chigorin Memorial 28th"]
[Site "St Petersburg"]
[Date "2021.10.27"]
[Round "5"]
[White "Rzali, Sabina"]
[Black "Shevchenko, Alexander S"]
[Result "1-0"]
[WhiteElo "1926"]
[BlackElo "1459"]
[PlyCount "93"]
[EventDate "2021.10.23"]
[EventType "swiss"]
[EventRounds "9"]
[EventCountry "RUS"]
[SourceTitle "EXT 2023"]
[Source "ChessBase"]
[SourceDate "2022.10.05"]
[SourceVersion "1"]
[SourceVersionDate "2022.10.05"]
[SourceQuality "1"]

1. e4 c5 2. Nf3 d6 3. d4 cxd4 4. Nxd4 Nf6 5. Nc3 g6 6. Be2 Bg7 7. Be3 0-0 8. 0-0 Nc6 9. Kh1 Bd7 10. f4 Nxd4 11. Bxd4 Bc6 12. Bf3 Qa5 13. Qd3 e5 14. Be3 Rad8 15. fxe5 dxe5 16. Qc4 Rc8 17. Qb3 h6 18. Rf2 b5 19. a3 Qa6 20. Qb4 Qb7 21. Raf1 Ra8 22. Qb3 a5 23. Bc5 Rfc8 24. Bd6 Re8 25. Be2 Rad8 26. Bc5 Bxe4 27. Bxb5 Re6 28. Bc4 Qxb3 29. Bxb3 Bd5 30. Nxd5 Nxd5 31. Rd2 Rc6 32. Bxd5 Rcc8 33. Bxf7+ Kh8 34. Rxd8+ Rxd8 35. Be3 e4 36. b4 axb4 37. axb4 Bc3 38. b5 Kg7 39. b6 Bd4 40. Bxd4+ Rxd4 41. b7 Rb4 42. Bd5 e3 43. Kg1 e2 44. Re1 Rb5 45. Rxe2 Rxd5 46. b8Q Rd1+ 47. Kf2 1-0

[Event "Nizami Ganjavi 880 years U17"]
[Site "Tornelo INT"]
[Date "2021.04.02"]
[Round "3.10"]
[White "Garcia Andrada, Heidy Nicole"]
[Black "Rzali, Sabina"]
[Result "0-1"]
[WhiteElo "1912"]
[BlackElo "1925"]
[PlyCount "86"]
[EventDate "2021.04.02"]
[EventType "team-swiss (blitz)"]
[EventRounds "9"]
[EventCountry "AZE"]
[SourceTitle "EXT 2023"]
[Source "ChessBase"]
[SourceDate "2022.10.05"]
[SourceVersion "1"]
[SourceVersionDate "2022.10.05"]
[SourceQuality "1"]
[WhiteTeam "Peru"]
[BlackTeam "Azerbaijan III"]
[WhiteTeamCountry "PER"]
[BlackTeamCountry "AZE"]

1. e4 e6 2. d4 d5 3. exd5 exd5 4. Bd3 Bd6 5. Qf3 Ne7 6. Ne2 Nbc6 7. c3 Be6 8. Bf4 Qd7 9. h3 0-0-0 10. Nd2 h6 11. 0-0-0 f5 12. Bxd6 Qxd6 13. Qg3 Qxg3 14. fxg3 Bd7 15. Rhf1 Rhf8 16. Rde1 g5 17. Kc2 Kb8 18. Nc1 Nc8 19. Nf3 Nd6 20. a3 Ne4 21. Ne2 Rde8 22. c4 dxc4 23. Bxc4 a6 24. Bd3 Nd6 25. Nc3 g4 26. hxg4 fxg4 27. Ne5 Nxd4+ 28. Kd2 Bc8 29. Ng6 Rxf1 30. Rxf1 N4f5 31. Nf4 Nxg3 32. Rc1 h5 33. Ncd5 c6 34. Nf6 Rf8 35. N6xh5 Nxh5 36. Nxh5 Rf2+ 37. Ke3 Rxg2 38. b4 Ra2 39. Rc3 Bf5 40. Bxf5 Nxf5+ 41. Kf4 Nd6 42. Nf6 Rf2+ 43. Ke5 Rxf6 0-1

[Event "EU-ch Online U16 Girls"]
[Site "Tornelo INT"]
[Date "2020.09.18"]
[Round "3"]
[White "Rzali, Sabina"]
[Black "Nur Mukhametova, Alisa"]
[Result "0-1"]
[WhiteElo "1892"]
[BlackElo "2069"]
[PlyCount "100"]
[EventDate "2020.09.18"]
[EventType "swiss (rapid)"]
[EventRounds "9"]
[EventCountry "NET"]
[SourceTitle "EXT 2023"]
[Source "ChessBase"]
[SourceDate "2022.10.05"]
[SourceVersion "1"]
[SourceVersionDate "2022.10.05"]
[SourceQuality "1"]
[WhiteTeam "Azerbaijan"]
[BlackTeam "Russia"]
[WhiteTeamCountry "AZE"]
[BlackTeamCountry "RUS"]

1. e4 c5 2. Nf3 e6 3. d4 cxd4 4. Nxd4 Nf6 5. Nc3 d6 6. Be2 Be7 7. Be3 a6 8. a4 Qc7 9. 0-0 0-0 10. Kh1 Nc6 11. f4 Re8 12. Qd2 Rb8 13. Rad1 b6 14. Nxc6 Qxc6 15. Bf3 Qc7 16. Bd4 Nd7 17. Rfe1 Bb7 18. Qf2 e5 19. Be3 exf4 20. Bxf4 Ne5 21. Bxe5 dxe5 22. Nd5 Bxd5 23. Rxd5 Rbd8 24. Red1 Bc5 25. Qd2 Rxd5 26. Qxd5 Bd4 27. c3 Rd8 28. Qb3 Bc5 29. Rd5 g6 30. Qd1 Rxd5 31. Qxd5 a5 32. g3 Qe7 33. Qd2 Qe6 34. Kg2 Qa2 35. Bd1 Kg7 36. Qc2 Qe6 37. Be2 Qf6 38. Bc4 Qg5 39. Qe2 Qc1 40. Bd5 Qa1 41. Bb3 Qg1+ 42. Kh3 h5 43. Qf3 f6 44. Qe2 g5 45. g4 hxg4+ 46. Qxg4 Qf1+ 47. Qg2 g4+ 48. Kg3 Qf4+ 49. Kh4 Bf2+ 50. Kh5 Qg5# 0-1